000
00332 a2200157 4500
001
188540
020
_a
85-268-0621-1
040
_c
Magnum
100
_a
Alvarenga, Manuel InĂ¡cio da Silva
240
1
0
_a
O desertor
_l
por
245
1
0
_a
O desertor
300
_a
166
362
0
_a
2010
697
_a
LITERATURA GERAL
942
_c
BK
999
_c
188540
_d
188540